World economic and social survey 2004: international mirgation united nations (Record no. 131527)

MARC details
000 -LEADER
fixed length control field 00371nam a2200133Ia 4500
008 - FIXED-LENGTH DATA ELEMENTS--GENERAL INFORMATION
fixed length control field 230917s9999||||xx |||||||||||||| ||und||
040 ## - CATALOGING SOURCE
-- 131364
Original cataloging agency VIVEKANANDA LIBRARY
041 ## - Language
-- English
082 ## - DDC NUMBER
Classification number 330.1 U1W
245 #0 - TITLE STATEMENT
Title World economic and social survey 2004: international mirgation united nations
260 ## - PUBLICATION, DISTRIBUTION, ETC. (IMPRINT)
Place of publication, distribution, etc U.S.A.
Name of publisher, distributor, etc United Nations
Date of publication, distribution, etc 2005
300 ## - PHYSICAL DESCRIPTION
Pages 239p p.
942 ## - ADDED ENTRY ELEMENTS (KOHA)
Koha item type Books
Holdings
Withdrawn status Lost status Damaged status Not for loan Location (home branch) Sublocation or collection (holding branch) Date acquired Koha issues (times borrowed) Koha full call number Accession No. Koha date last seen Koha item type
        VIVEKANANDA LIBRARY VIVEKANANDA LIBRARY 04/02/2010   330.1 U1W 230281 17/09/2023 Books
        VIVEKANANDA LIBRARY VIVEKANANDA LIBRARY 04/02/2010   330.1 U1W 230282 17/09/2023 Books
© Designed and Maintained by Vivekananda Library, MDU Rohtak